LEADER 00596nam a2200193 i 4500 001 000000162786 003 CaOOAMICUS 005 20070709000000.0 008 070709n fr u000 u fre u 013 $a140150 040 $aSeMil$bita 100 1 $aPoizat, Alfred.$0(OLS)http://semarc/name/8187 245 10$a1. 300 $a280 p. 773 0 $aPoizat, Alfred$tPour l'Humanisme.$dParis : Spes, [1925?]$w()18106 850 $aSeMil 852 $aSeMil$W1$xVenegono$y1$m1R I 89$j244096$B114111$CSeMilBibl$Z2$F124986 $81 961 $aRecupero: Altro 996 $6245$a1$9(OLS)http://semarc/title/6508 LEADER 01078nam a2200265 i 4500 001 000000127580 003 CaOOAMICUS 005 20070524000000.0 008 070524s1991 it u000 u ita u 013 $a100292 020 $a88-14-02793-5 040 $aSeMil$bita 100 1 $aCastronovo, Carlo.$0(OLS)http://semarc/name/53072 245 13$aLa nuova responsabilità civile :$bregola e metafora /$cCarlo Castronovo. 260 $aMilano :$bGiuffrè,$c1991. 300 $aX, 421 p. ;$c25 cm. 500 $aContiene : Pagina Bibliografica. - Fondo card. C.M. Martini. 650 4$aResponsabilità civile - Giurisprudenza.$0(OLS)http://semarc/subject/25075 850 $aSeMil 852 $aSeMil$W1$xVenegono$y1$m3L IV 119$j81860$B81860$CSeMilBibl$Z2$F124894 $81 941 1 $a4 961 $aOmaggio: Martini Card. Carlo Maria 996 $6020$a88-14-02793-5$9(OLS)http://semarc/number/114021 996 $6245$aLa nuova responsabilità civile :$bregola e metafora$9(OLS)http://semarc/title/188300 996 $6260$aMilano :$bGiuffrè$9(OLS)http://semarc/publisher/29926